| 000 | 00360nam a2200145Ia 4500 | ||
|---|---|---|---|
| 008 | 230401s9999||||xx |||||||||||||| ||und|| | ||
| 020 | _a9788126554270 | ||
| 082 |
_a004 _bSIL/O |
||
| 100 | _aSilberschatz, Abraham | ||
| 245 | 0 | _aOperating System Concept | |
| 250 | _a9th Edition | ||
| 260 |
_aDelhi _bBPB Publications _c2023 |
||
| 300 | _a856p. | ||
| 942 | _cBK | ||
| 999 |
_c41767 _d41767 |
||